000 01083nam a22003377a 4500
001 BR8303077
003 BR-BrBNA
005 20230928091705.0
007 ta
008 230509b bl.||||| |||| 00| 0 por d
040 _aBR-BrBNA
_bpor
_cBiblioteca Nacional de Agricultura
041 _a(Por)
072 _aE10
_b/G514
090 _ E10 BR8303077
110 1 _aInstituto de Terras e Colonizacao do Amazonas, Manaus (Brasil)
_96276
111 1 _aSeminario sobre o Papel da Informacao no Desenvolvimento Regional da Agricultura
_cManaus, AM (Brazil)
_d5-7 Dec 1983
245 1 _aSeminario sobre o Papel da Informacao no Desenvolvimento Regional da Agricultura [Amazonas, Brasil]
260 3 _aManaus, AM (Brasil):
_c1983.
300 _a25 p.
650 _aESTRUTURA AGRARIA
650 _aREFORMA AGRARIA
650 _aTERRA
650 _aUSO DA TERRA
650 _aPROPRIEDADE RURAL
650 _aPROJETO DE DESENVOLVIMENTO
650 _aDESENVOLVIMENTO RURAL
650 _aDIRETRIZ
650 _aAMAZONAS
909 _a202309
_bLucia
_c55
_dLucia Elande
942 _cBK
999 _c35034
_d35034